Ballet du Bolchoï /

Bibliographic Details
Main Author: Pcholkin, Vladimir
Other Authors: Sirvin, René
Format: Book
Language:French
Published: Paris : Double Page, [1986]
Series:Double page. no. 43.
Subjects:

MARC

Tag First Indicator Second Indicator Subfields
LEADER 00000cam a2200000Ia 4500
001 in00002334521
005 20151108042247.0
008 990722s1986 fr a 000 0 fre d
035 |a (OCoLC)ocm41943480 
035 |a (OCoLC)41943480 
040 |a ZJS  |c ZJS  |d OCLCQ  |d MUQ  |d TXA  |d UtOrBLW 
049 |a TXAM 
050 4 |a GV1587.8.G73  |b P35 1986 
100 1 |a Pcholkin, Vladimir. 
245 1 0 |a Ballet du Bolchoï /  |c [photographies de] Vladimir Pcholkin ; [texte de] René Sirvin. 
264 1 |a Paris :  |b Double Page,  |c [1986] 
264 4 |c ©1986 
300 |a 48 unnumbered pages :  |b chiefly color illustrations ;  |c 32 cm. 
336 |a text  |b txt  |2 rdacontent 
337 |a unmediated  |b n  |2 rdamedia 
338 |a volume  |b nc  |2 rdacarrier 
490 1 |a Double page,  |x 0240-8392 ;  |v no. 43 
500 |a Cover title. 
610 2 0 |a Bolʹshoĭ teatr SSSR.  |b Balet  |v Pictorial works. 
650 0 |a Ballet  |v Pictorial works. 
610 2 6 |a Bolʹshoĭ teatr SSSR.  |b Balet. 
650 6 |a Ballet  |z URSS. 
700 1 |a Sirvin, René. 
830 0 |a Double page.  |x 0240-8392 ;  |v no. 43. 
948 |a cataloged  |b h  |c 2007/9/22  |d c  |e jgreene  |f 1:02:03 pm 
994 |a C0  |b TXA 
999 |a MARS 
999 f f |s 4daa5218-c7d7-3ee7-98c7-b8fae8e25f08  |i 751037ed-0367-33a8-92ba-8d0d367b3c44  |t 0 
952 f f |p ric  |a Texas A&M University  |b Rellis Campus  |c Joint Library Facility  |d Remote Storage  |t 0  |e GV1587.8.G73 P35 1986  |f Oversize  |h Library of Congress classification  |i unmediated -- volume  |m A14836272030 
998 f f |a GV1587.8.G73 P35 1986  |t 0  |l Remote Storage